Biotic interactions in the Tropics: their role in the maintence of species diversity (Record no. 3208)

MARC details
000 -LEADER
fixed length control field 00620nam a22002057a 4500
003 - CONTROL NUMBER IDENTIFIER
control field OSt
005 - DATE AND TIME OF LATEST TRANSACTION
control field 20160309142517.0
008 - FIXED-LENGTH DATA ELEMENTS--GENERAL INFORMATION
fixed length control field 160309b xxu||||| |||| 00| 0 eng d
020 ## - INTERNATIONAL STANDARD BOOK NUMBER
International Standard Book Number 0521609852
040 ## - CATALOGING SOURCE
Transcribing agency DDC
082 ## - DEWEY DECIMAL CLASSIFICATION NUMBER
Classification number 572.45 BIO 2005
100 ## - MAIN ENTRY--PERSONAL NAME
Personal name edited by David, Burslem; michelle, Pinard
9 (RLIN) 7183
245 ## - TITLE STATEMENT
Title Biotic interactions in the Tropics: their role in the maintence of species diversity
260 ## - PUBLICATION, DISTRIBUTION, ETC. (IMPRINT)
Place of publication, distribution, etc. Cambridge Univesity Press, 2005
300 ## - PHYSICAL DESCRIPTION
Extent xv,654p; ill: 25cm
504 ## - BIBLIOGRAPHY, ETC. NOTE
Bibliography, etc References, & index included
650 ## - SUBJECT ADDED ENTRY--TOPICAL TERM
Topical term or geographic name as entry element Ecology
9 (RLIN) 544
650 ## - SUBJECT ADDED ENTRY--TOPICAL TERM
Topical term or geographic name as entry element Species diversity
9 (RLIN) 7184
942 ## - ADDED ENTRY ELEMENTS (KOHA)
Source of classification or shelving scheme Other/Generic Classification Scheme
Koha item type Open Shelf
Holdings
Withdrawn status Lost status Source of classification or shelving scheme Damaged status Not for loan Home library Current library Date acquired Source of acquisition Inventory number Total Checkouts Full call number Barcode Date last seen Koha item type Price effective from
    Dewey Decimal Classification     MUST Main Library MUST Main Library 09/03/2016   15/39376   572.45 BIO 2005 2016-0388 09/03/2016 Open Shelf  
    Dewey Decimal Classification     MUST Main Library MUST Main Library 19/08/2019 Purchase 11/34295   572.45 BIO 2005 2019-0137 19/08/2019 Open Shelf 19/08/2019